| 000 | 00807nam a22002177a 4500 | ||
|---|---|---|---|
| 005 | 20240530110915.0 | ||
| 008 | 220214s2009 ua g 000 0 ara d | ||
| 020 | _a9773082229 | ||
| 040 |
_aEG-CaGPL _cEG-CaGPL |
||
| 082 | 0 | 4 |
_221 _a810.9027 / _bش س |
| 100 | 0 | _aشعبان عبدالحكيم محمد | |
| 245 | 1 | 2 |
_aالسيرة الذاتية فى الادب العربى الحديث : _bرؤية نقدية / _cشعبان عبدالحكيم محمد |
| 250 | _aط. 1 | ||
| 260 |
_aالقاهرة : _bدار العلم والايمان للنشر والتوزيع، _c2009 |
||
| 300 |
_a237 ص. ؛ _c24 سم |
||
| 650 | 0 | 7 |
_2qrmak _aالسيرة الذاتية |
| 650 | 0 | 7 |
_2qrmak _aالادب العربى |
| 651 | _2qrmak | ||
| 942 |
_2ddc _cBK |
||
| 999 |
_c66373 _d66373 |
||